[Event "83rd ESP-ch Women-ch 2018"]
[Site "Linares"]
[Date "2018.08.28"]
[Round "9"]
[White "Amoros Moran, Jose Joaquin"]
[Black "Garcia Garcia, Adrian Antonio"]
[Result "0-1"]
[WhiteElo "1908"]
[BlackElo "2179"]
[Annotator "TA"]
[PlyCount "92"]
[EventDate "2018.08.09"]
[EventType "tourn"]
[EventCountry "ESP"]
[SourceTitle "playchess.com"]
[Source "ChessBase"]
[SourceQuality "1"]

{[%evp 9,92,7,56,-20,0,-20,14,5,40,41,62,11,0,-12,0,0,20,18,40,-15,0,0,0,0,-5,-15,-13,-14,-10,-22,-18,-12,-11,-22,-17,-8,-8,-188,-183,-187,-177,-189,-164,-180,-136,-222,-212,-316,-297,-300,-293,-304,-288,-278,-256,-264,-245,-243,-237,-230,-188,-222,-212,-177,-27,-24,-75,-112,0,0,0,0,0,-331,-318,-364,-347,-338,-334,-1470,-1506,-1459,-1433,-1347,-1318]} 1. e4 e5 2. Nf3 d6 3. d4 exd4 4. Nxd4 Nf6 5. f3 (5. Nc3 Be7 6. g3 O-O 7. Bg2 Re8 8. O-O Bf8 9. h3 Nbd7 10. Re1 c5 11. Nf5 Ne5 12. Bg5 h6 13. Bxf6 Qxf6 14. Nd5 Qd8 {½-½ (32) Oparin,G (2602)-Mamedyarov,S (2799) Moscow 2017}) 5... a6 6. a4 $146 {C41: Philidor Defence} (6. c4 $14) ({Predecessor:} 6. c4 Be6 7. Nc3 Nbd7 8. Be3 Nb6 9. b3 Be7 10. Qd2 Nbd7 11. Be2 Qc8 12. O-O Ne5 {1-0 (56) Soelch,R-Forell,J Bad Laasphe 1994}) 6... Be7 7. Bc4 O-O 8. Nc3 {The position is equal.} c5 9. Nde2 Nc6 10. Ng3 (10. Nf4 $14) 10... Be6 $11 11. Nd5 Bxd5 12. exd5 Ne5 (12... b5 $5) 13. Be2 b5 14. a5 (14. O-O $14) 14... Re8 15. O-O c4 16. f4 Ned7 17. Bf3 Bf8 18. Bd2 Nc5 19. Re1 Qd7 20. Bc3 Rxe1+ 21. Qxe1 Re8 $36 {[%mdl 2048] Black fights for an advantage.} 22. Qd2 Nfe4 23. Qd4 $2 (23. Bxe4 $11 {and White stays safe.} Nxe4 24. Nxe4 Rxe4 25. Re1 Rxe1+ 26. Qxe1) 23... Nxc3 $19 24. Qxc3 g6 25. Qd2 Bg7 26. Rb1 Qe7 27. b4 (27. Ne2 $17 {was called for.}) 27... Na4 28. Qf2 (28. Kf1 $142) 28... Nc3 29. Rf1 f5 30. h3 Bf6 31. Kh2 h5 32. Nh1 Na2 33. g4 hxg4 ({Don't do} 33... Nxb4 34. gxf5 Qe3 35. Qg3 $17) 34. hxg4 Nxb4 35. gxf5 Qh7+ $1 36. Kg2 g5 ({Better is} 36... gxf5 $19 37. Ng3 Qf7 38. Nxf5 Bg7) 37. fxg5 $11 Bxg5 {aiming for ...Re5.} 38. Re1 {[#]} Rxe1 (38... Qf7 $1 $17 39. Re6 Rxe6 40. fxe6 Qf5) 39. Qxe1 Qg7 {Hoping for ...Bd2+.} 40. Qe6+ Qf7 41. Bh5 $2 {[%mdl 8192]} (41. Qc8+ $11 {and White is okay.} Kg7 {[#]} 42. f6+ $1 {[%mdl 512]} Bxf6 43. Be4) 41... Qxe6 $19 42. dxe6 Nxc2 43. Ng3 c3 {[%cal Bc4c3,Bc3c2][%mdl 32]} 44. Ne4 $2 (44. Ne2 b4 45. Be8) 44... Ne3+ {Black is clearly winning.} 45. Kf3 c2 46. Nxg5 Nxf5 {Precision: White = 40%, Black = 59%.} 0-1

[Event "83rd ESP-ch Women-ch 2018"]
[Site "Linares"]
[Date "2018.08.28"]
[Round "9"]
[White "Badillo Ramos, Steve"]
[Black "Romero Romero, Sebastian"]
[Result "0-1"]
[WhiteElo "1901"]
[BlackElo "2171"]
[Annotator "TA"]
[PlyCount "106"]
[EventDate "2018.08.09"]
[EventType "tourn"]
[EventCountry "ESP"]
[SourceTitle "playchess.com"]
[Source "ChessBase"]
[SourceQuality "1"]

{[%evp 23,106,-7,-6,-23,-14,-16,-36,-48,29,24,48,31,41,15,52,43,43,43,43,0,0,0,9,9,10,2,9,0,35,5,27,5,25,0,3,3,3,-8,-8,-8,-14,-11,-8,-15,-8,-21,-19,-29,-8,-8,-8,-8,-8,-8,-8,-8,-8,-8,-8,-12,-8,-8,-8,-8,-8,-8,-8,-8,-8,-29972,-29974,-29975,-29977,-29977,-29976,-29990,-29991,-29991,-29992,-29994,-29995,-29995,-29996,-29996,-29996]} 1. c4 Nf6 2. g3 d5 3. cxd5 Nxd5 4. Bg2 e5 5. Nc3 Nb6 6. Nf3 Nc6 7. O-O Be7 8. a3 O-O 9. b4 a6 10. d3 Be6 11. Be3 Nd5 12. Nxd5 Bxd5 13. Nd2 {A29: English Opening: Four Knights Variation with 4 g3} (13. Rc1 Qe8 14. Bc5 {½-½ (14) Smejkal,J (2550)-Hort,V (2600) Amsterdam 1979}) 13... Bxg2 14. Kxg2 Qd5+ 15. f3 $146 {Black is slightly better.} ({Predecessor:} 15. Kg1 Nd4 16. Rc1 Rfc8 17. Bxd4 exd4 {½-½ (17) Dyballa,G (1997)-Titgemeyer,T (1919) Moehnesee 2011}) 15... f5 (15... a5 $15) 16. Qb3 $11 Rad8 17. Rac1 Rd7 18. Bc5 {Strongly threatening Qxd5+.} Rc8 19. Qxd5+ Rxd5 20. Bxe7 Nxe7 21. Rc5 Rxc5 22. bxc5 {[%mdl 4096] Endgame KRN-KRN} Kf7 23. Rb1 Rb8 24. Nc4 Ke6 25. e4 fxe4 26. fxe4 Nc6 27. Kf2 Nd4 28. Ke3 b5 {Hoping for ...Rd8.} 29. cxb6 cxb6 30. Rxb6+ Rxb6 31. Nxb6 {KN-KN} Nc2+ 32. Kd2 Nxa3 33. Kc3 Nb5+ 34. Kb4 Nd4 35. Nd5 Nf3 36. h4 h5 37. Nc7+ Kf6 38. Nxa6 g5 39. Kc3 gxh4 40. gxh4 Nxh4 {aiming for ...Nf3.} 41. Kd2 Ng2 {White must now prevent ...Kg5.} 42. Nc5 Kg5 43. Nd7 Kf4 44. Ke2 h4 {[%cal Bh5h4,Bh4h3,Bh3h2][%mdl 32]} 45. Kf2 h3 {Threatens to win with ...Ne3.} 46. Nf8 $2 {[%mdl 8192]} (46. Nf6 $11) 46... Nh4 {Black mates.} 47. Kg1 {[#]} Kg3 $1 48. Kh1 Nf3 49. Ng6 {[#]} h2 $1 50. d4 exd4 51. e5 d3 {[%cal Bd4d3,Bd3d2][%mdl 32]} 52. Ne7 d2 {[%cal Rd2d1]} 53. Nf5+ Kf4 {Precision: White = 59%, Black = 53%.} 0-1

[Event "83rd ESP-ch Women-ch 2018"]
[Site "Linares"]
[Date "2018.08.28"]
[Round "9"]
[White "Gonzalez del Campo, Diego"]
[Black "Sobrino Forte, Alvaro"]
[Result "0-1"]
[WhiteElo "1893"]
[BlackElo "1984"]
[Annotator "NA RC"]
[PlyCount "90"]
[EventDate "2018.08.09"]
[EventType "tourn"]
[EventCountry "ESP"]
[SourceTitle "playchess.com"]
[Source "ChessBase"]
[SourceQuality "1"]
[TimeControl "40/5400+30:1800+30"]

1. d4 {[%emt 0:00:06]} Nf6 2. Nf3 g6 {[%emt 0:05:38]} 3. Bf4 {[%emt 0:00:56]} d6 {[%emt 0:00:05]} 4. e3 {[%emt 0:00:56]} Bg7 {[%emt 0:00:02]} 5. h3 {[%emt 0:00:58]} O-O {[%emt 0:00:06]} 6. Be2 {[%emt 0:00:16]} Nfd7 {[%emt 0:00:04]} 7. O-O {[%emt 0:02:16]} Nc6 {[%emt 0:02:13]} 8. c4 {[%emt 0:02:15]} e5 {[%emt 0:00:32]} 9. Bh2 {[%emt 0:00:16]} f5 {[%emt 0:02:16] A48: 1 d4 Nf6 2 Nf3 g6: Torre, London and Colle Systems} 10. Nc3 {[%emt 0:05:26] LiveBook: 67 Games} e4 {[%emt 0:07:24]} 11. Ne1 {[%emt 0:00:33]} Nf6 {[%emt 0:00:10]} 12. Nc2 {[%emt 0:02:20]} Qe7 $146 {[%emt 0:00:31]} ({Predecessor:} 12... Ne7 13. b4 g5 14. f3 exf3 15. Bxf3 g4 16. hxg4 fxg4 {0-1 (48) Kayumov,S (2505)-Mchedlishvili,M (2601) Doha 2016}) 13. b4 {[%emt 0:01:21]} Kh8 {[%emt 0:08:06]} 14. b5 {[%emt 0:04:10]} Nd8 {[%emt 0:00:06]} 15. Nb4 {[%emt 0:00:39]} c6 {[%emt 0:02:51]} 16. Rc1 {[%emt 0:04:30]} Ne8 {[%emt 0:15:07]} 17. a4 {[%emt 0:14:32]} g5 {[%emt 0:01:53]} 18. Re1 {[%emt 0:01:27]} d5 {[%emt 0:10:00]} 19. Nbxd5 {[%emt 0:06:40]} ({Stronger than} 19. cxd5 Qxb4 20. bxc6 bxc6 $17) 19... cxd5 {[%emt 0:00:33]} 20. Nxd5 {[%emt 0:00:09]} Qd7 {[%emt 0:02:01]} 21. Qb3 {[%emt 0:04:34]} Ne6 {[%emt 0:01:25]} 22. c5 {[%emt 0:02:25]} f4 $1 {[%emt 0:04:48]} 23. Bg4 {[%emt 0:07:14]} (23. b6 $11 {remains equal.}) 23... Qf7 {[%emt 0:03:01]} 24. Nb4 {[%emt 0:01:31]} h5 {[%emt 0:04:08]} 25. Bxe6 {[%emt 0:01:16]} Bxe6 {[%emt 0:00:30]} 26. d5 {[%emt 0:00:08]} Bf5 {[%emt 0:03:00]} 27. Qd1 $19 {[%emt 0:04:55]} (27. exf4 $11 {und Weiss steht sicher.} Bg6 28. fxg5 Qxf2+ 29. Kh1) 27... f3 {[%emt 0:02:21]} 28. gxf3 {[%emt 0:15:56]} Bxh3 {[%emt 0:00:06]} 29. Rc2 {[%emt 0:00:04]} exf3 {[%emt 0:00:42]} 30. Rc4 {[%emt 0:01:43]} Bg2 {[%emt 0:07:22]} 31. e4 {[%emt 0:01:30]} Qd7 {[%emt 0:00:35]} 32. e5 {[%emt 0:01:07]} Qh3 {[%emt 0:01:38]} 33. Re3 {[%emt 0:00:11]} g4 {[%emt 0:04:25]} 34. Nd3 {[%emt 0:01:07]} Bh6 {[%emt 0:01:21]} 35. Ree4 {[%emt 0:01:33]} g3 {[%emt 0:01:46]} 36. fxg3 {[%emt 0:00:33]} f2+ {[%emt 0:02:07]} 37. Nxf2 {[%emt 0:00:39]} Rxf2 {[%emt 0:00:48]} 38. Rh4 {[%emt 0:03:30]} Qf5 {[%emt 0:02:24]} 39. Rcf4 {[%emt 0:00:08]} Rxf4 {[%emt 0:00:08]} 40. gxf4 {[%emt 0:01:12]} Be4 {[%emt 0:03:32]} 41. Qxh5 {[%emt 0:31:26]} Qxh5 {[%emt 0:30:42]} 42. Rxh5 {[%emt 0:00:08]} Kg7 {[%emt 0:00:03]} 43. e6 {[%emt 0:01:57]} Nf6 {[%emt 0:00:46]} 44. Re5 {[%emt 0:00:24]} Bxd5 {[%emt 0:00:29]} 45. Kf2 {[%emt 0:00:57]} Ng4+ 0-1